000 005990000a22001930004500
001 768714001
003 CO-MdFUSB
005 20170608164026.0
008 170608s2004 cr ||||| |||| 00| 0 spa d
022 _a1409-1968
040 _aCO-MdFUSB
_bspa
_cCO-MdFUSB
_dCO-MdFUSB
041 _aspa
100 1 _aWittig, Randall M.
_eautor
245 1 0 _aIglesias concurridas y almas solitarias
300 _aVolumen 21. Número 3 (2004), Página 6
_c 27 cm.
546 _aTexto en español
773 0 _tApuntes Pastorales
_049442
_960149
_gVolumen 21. Número 3 (2004), Página 6
_qPágina 6
942 _cANA
999 _c60778
_d60778